Famous People by Pictures - B - Statistics

General Stats
  • This quiz has been taken 116 times
  • The average score is 10 of 20
Answer Stats
Picture Answer % Correct
Beyoncé
96%
Brad Pitt
95%
Bruce Lee
94%
Billie Eilish
90%
Britney Spears
86%
Benedict Cumberbatch
84%
Ben Stiller
76%
Bradley Cooper
76%
Bruce Willis
71%
Barbra Streisand
67%
Billy Ray Cyrus
53%
Bella Hadid
42%
Benny Blanco
35%
Bonnie Tyler
32%
Bella Thorne
27%
Barbara Palvin
9%
Bang Chan
6%
Birdy
3%
Beomgyu
2%
BoA
1%
No matching quizzes found
Score Distribution
Percent of People with Each Score
Percentile by Number Answered
Your Score History
You have not taken this quiz